000 00419nam a22001577a 4500
003 OSt
008 220618b |||||||| |||| 00| 0 eng d
020 _a9788170358039
082 _a630.301
_bPAT/SP
100 _aPatil, D A
_95211
100 _aDhale, D A
_95212
245 _aSpices and condiments
_bOrigin, history and applications
260 _aNew Delhi
_bDaya Publishing House
_c2013
300 _a234p
942 _cBK
999 _c17522
_d17522